Tankovijat batal'on : fragmenti ot vremeto na kulta /

Hlavní autor: Škvorecký, Josef, 1924-2012
Další autoři: Samokovliev, Vasil
Jazyk: Bulharština
Vydáno: Sofija : Stigmati, 2011
Edice: Malka češka biblioteka
Témata:
Fyzický popis: 326 s. ; 21 cm
Knihy
Uloženo v:
LEADER 01155nam a2200337 a 4500
001 001196746
003 CZ BrMZK
005 20120323131228.0
007 ta
008 120224s2011 bu g 000 f bul
020 |a 978-954-336-132-8  |q (brož.) 
040 |a BOA001  |b cze 
041 1 |a bul  |h cze 
072 7 |a 821.162.3-3  |x Česká próza  |2 Konspekt  |9 25 
080 |a 821.162.3-31  |2 MRF 
080 |a (0:82-311.5)  |2 MRF 
100 1 |a Škvorecký, Josef,  |d 1924-2012  |7 jk01130413  |4 aut 
240 1 0 |a Tankový prapor.  |l Bulharsky 
245 1 0 |a Tankovijat batal'on :  |b fragmenti ot vremeto na kulta /  |c Jozef Škvorecki ; prevod ot češki Vasil Samokovliev 
260 |a Sofija :  |b Stigmati,  |c 2011 
300 |a 326 s. ;  |c 21 cm 
490 1 |a Malka češka biblioteka 
655 7 |a české romány  |7 fd133974  |2 czenas 
655 7 |a humoristické romány  |7 fd132431  |2 czenas 
700 1 |a Samokovliev, Vasil  |7 mzk2008468950  |4 trl 
830 0 |a Malka češka biblioteka 
910 2 |a BOA001  |b M2-1280.135 
990 |a BK 
995 |a 60 
991 |b 201203  |e b 
996 7 |b 2610504027  |c M2-1280.135  |l MZK  |r Sklad / do 24 hodin  |n 0  |p dar  |w 001230542  |u 000010  |a 1  |e BOA001  |j MZK50  |s A